Sustainability at the cutting edge (Record no. 106854)
[ view plain ]
| 000 -LEADER | |
|---|---|
| fixed length control field | 01561cad a22002895a 4500 |
| 001 - CONTROL NUMBER | |
| control field | L137633 |
| 008 - FIXED-LENGTH DATA ELEMENTS--GENERAL INFORMATION | |
| fixed length control field | 070420s2007 xxkadeof 001 0 eng d |
| 020 ## - INTERNATIONAL STANDARD BOOK NUMBER | |
| International Standard Book Number | 9780080475479 |
| 035 ## - SYSTEM CONTROL NUMBER | |
| System control number | (Sirsi) u137633 |
| 041 0# - LANGUAGE CODE | |
| Language code of text/sound track or separate title | eng |
| 050 04 - LIBRARY OF CONGRESS CALL NUMBER | |
| Classification number | 333.72 $2 18 |
| 100 1# - MAIN ENTRY--PERSONAL NAME | |
| Personal name | Smith, Peter F. |
| 245 00 - TITLE STATEMENT | |
| Title | Sustainability at the cutting edge |
| Remainder of title | emerging technologies for low energy buildings |
| Medium | [electronic resource] |
| 250 ## - EDITION STATEMENT | |
| Edition statement | 2nd ed. |
| 260 ## - PUBLICATION, DISTRIBUTION, ETC. | |
| Place of publication, distribution, etc. | Oxford |
| Name of publisher, distributor, etc. | Architectural Press |
| Date of publication, distribution, etc. | 2007 |
| 300 ## - PHYSICAL DESCRIPTION | |
| Extent | eBook |
| 350 ## - PRICE (NR) (BK AM CF MU VM SE) [OBSOLETE] | |
| Price | 27.99 |
| 505 2# - FORMATTED CONTENTS NOTE | |
| Formatted contents note | Solar thermal energy -- Low energy techniques for cooling -- Geothermal energy -- Wind power -- Photovoltaic cells -- Fuel cells - Bioenergy -- Microgeneration and combined heat and power -- Small-scale hydro -- Wave and tide -- Prospects for the energy infrastructure -- Materials -- The photonic revolution |
| 520 ## - SUMMARY, ETC. | |
| Summary, etc. | Describes renewable technologies. Provides an overview of each area, including emerging possibilities. Covers designs which may be suitable for single building use. Also describes technologies suitable for large scale power production feeding into the grid. Describes how government legislation and international treaties will affect future building design. Gives an overview of the prospects of different materials. Case studies. |
| 590 ## - LOCAL NOTE (RLIN) | |
| Local note | KA |
| 650 24 - SUBJECT ADDED ENTRY--TOPICAL TERM | |
| Topical term or geographic name entry element | EBOOK |
| 651 #4 - SUBJECT ADDED ENTRY--GEOGRAPHIC NAME | |
| Geographic name | United Kingdom |
| 690 ## - LOCAL SUBJECT ADDED ENTRY--TOPICAL TERM (OCLC, RLIN) | |
| Topical term or geographic name as entry element | BUILT ENVIRONMENT-SUSTAINABLE CONSTRUCTION |
| 856 48 - ELECTRONIC LOCATION AND ACCESS | |
| Uniform Resource Identifier | <a href="https://www.vlebooks.com/">https://www.vlebooks.com/</a> |
| Public note | View on VLEbooks. Logins for members only from [email protected] |
| 942 ## - ADDED ENTRY ELEMENTS (KOHA) | |
| Suppress in OPAC | 0 |
| Withdrawn status | Lost status | Damaged status | Not for loan | Home library | Current library | Shelving location | Date acquired | Cost, normal purchase price | Total Checkouts | Full call number | Barcode | Date last seen | Date last checked out | Copy number | Cost, replacement price | Price effective from | Koha item type | Source of classification or shelving scheme |
|---|---|---|---|---|---|---|---|---|---|---|---|---|---|---|---|---|---|---|
| Missing from bundle | London | London | Books | 08/05/2007 | 27.99 | 16 | 333.72 SMI | 30073878 | 06/08/2019 | 23/11/2009 | 1 | 27.99 | 06/08/2019 | Book | ||||
| Virtual | Virtual | Online | 23/11/2010 | 63.10 | EBOOK | 137633-3001 | 06/08/2019 | 1 | 63.10 | 06/08/2019 | Book | Dewey Decimal Classification |